000 00611nam a2200217Ii 4500
001 6017
003 CO-ViMGA
008 241108s9999||||xx |||||||||||||| ||und||
020 _a8433535099
040 _aCO-ViMGA
_bspa
_erda
_cCO-ViMGA
041 0 _aspa
082 0 4 _a701.17 K15d
100 1 _aGenoveva Dieterich
_947209
245 1 0 _aDe lo espiritual en el arte
264 1 _aMadrid, EspaƱa : Editorial Labor, 1991
300 _avolumen
336 _atext
_btxt
_2rdacontent
337 _aunmediated
_bn
_2rdamedia
338 _avolume
_bnc
_2rdacarrier
940 _aidficha_siabuc: 5870. -- ficha_no_siabuc:6017
999 _c41793
_d41793